GODFATHER (Record no. 3589)

MARC details
000 -LEADER
fixed length control field 00300nam a2200133Ia 4500
008 - FIXED-LENGTH DATA ELEMENTS--GENERAL INFORMATION
fixed length control field 240624s9999 xx 000 0 und d
041 ## - LANGUAGE CODE
Language code of text/sound track or separate title eng
082 ## - DEWEY DECIMAL CLASSIFICATION NUMBER
Classification number 823 PUZ
100 ## - MAIN ENTRY--PERSONAL NAME
Personal name PUZO MARIO
245 ## - TITLE STATEMENT
Title GODFATHER
260 ## - PUBLICATION, DISTRIBUTION, ETC.
Date of publication, distribution, etc. 1991
Place of publication, distribution, etc. London
Name of publisher, distributor, etc. Arrow Books
300 ## - PHYSICAL DESCRIPTION
Extent 595 : p. : cm. ; 18
365 ## - TRADE PRICE
Currency code RS
Holdings
Withdrawn status Lost status Damaged status Not for loan Home library Current library Shelving location Date acquired Source of acquisition Cost, normal purchase price Total Checkouts Total Holds Full call number Barcode Date due Date last seen Date last checked out Copy number Price effective from Koha item type
        IMTN IMTN Rack 38-B 06/05/2006 WBD 248.75 1 267 823 PUZ 3589 01/21/2026 01/11/2026 01/11/2026 1 06/24/2024 Books
Designed & Maintained by: LRC IMT Nagpur Contact: lrc@imtnag.ac.in© 2024. All Rights Reserved.